000 00693nam a2200289Ia 4500
005 20260324142025.0
008 008 260324s9999 xx 000 0 eng d
020 _a9780203993187
037 _aEBOOK
040 _aCRL
040 _beng
040 _cCRL
041 _2eng
041 _aeng
084 _qCRL
100 _aBill Schwarz; Bill Schwarz
_91210399
245 4 _aThe Expansion of England
245 0 _bRace, Ethnicity and Cultural History
260 _bTaylor and Francis
260 _c1996
365 _a
365 _b265
856 _uhttp://www.taylorfrancis.com/books/9780203993187
942 _cEBOOK
999 _c1814124
_d1814124